000 01138nam a22002537a 4500
005 20101206113148.0
008 101206t xxu||||| |||| 00| 0 hin d
010 _aHIN-91356
020 _c700.00
_a9789380190419
035 _aHN-63702
037 _bDBAD/PUB
040 _aDPL
_bHN
082 _a423
100 _924598
_aललिता कुमारी
245 _aहिन्दी शब्दकोश परम्परा में झारखण्ड का योगदान /
_cललिता कुमारी
260 _aनई दिल्ली
_bसत्यम् पब्लिशिग हाउस
_c2010
270 _bनई दिल्ली
_aएन-3/25, मोहन गार्डन. उत्तम नगर
_e110059
_k011- 25358642
_msatyampub_2006@yahoo.com
300 _axii,332पृ.
_c22सेमी (सजिल्द)
650 _91169
700 _924599
700 _924924
942 _2ddc
_cHN
_mललिता
999 _c49385
_d49385